| 000 | 00710nam a2200193 a 4500 | ||
|---|---|---|---|
| 008 | 120416s1979 ||||||||||||||||| || u | ||
| 020 | _a0861040686 | ||
| 050 | _aHA 155 Dem | ||
| 100 | _aEvans, Jeff | ||
| 245 | 1 | 0 |
_aDemystifying social statistics _cedited by John Irvine |
| 260 |
_aLondon: _bPluto Press _c1979 |
||
| 300 | _ax, 390p. : ill. | ||
| 350 | _a0.00 | ||
| 650 | _aSOCIAL SCIENCES--STATISTICAL METHODS--COMPUTER PROGRAM--EXERCISES, PROBLEMS, ETC | ||
| 650 | 0 | _aSOCIAL SCIENCES--RESEARCH | |
| 700 | _aIrvine, John | ||
| 700 | _aMiles, Ian | ||
| 995 |
_D0.00 _FCBU-MAIN LIBRARY (Kitwe) _H1 _I4.95 _UAVAILABLE _ZMain Library Open Access Collection |
||
| 999 |
_c39612 _d39612 |
||